| 000 | 01113nam a2200313 c 4500 | ||
|---|---|---|---|
| 999 |
_c21365 _d21365 |
||
| 003 | BLK | ||
| 005 | 20240919151747.0 | ||
| 008 | 180413b bul|||||r ||||||| ||bul|| | ||
| 010 | _aKNG00023642000 | ||
| 020 | _a954-412-039-4 | ||
| 040 | _aBLK | ||
| 041 |
_aBUL _cBUL |
||
| 080 |
_aАмериканска литература (на САЩ) _b821.111(73) _x-31 _z821.111(73)-31 |
||
| 100 | 1 |
_aХелър, Джоузеф _eпърви автор _9244054 |
|
| 139 |
_aХелър, Джоузеф _bХ 40 |
||
| 245 | 1 | 0 |
_aНещо се случи _b[Роман] _cДжоузеф Хелър. |
| 257 | _aUSA | ||
| 260 |
_bЛъчезар Минчев _c1998 _fСофия : Балкан прес |
||
| 300 |
_a511 с. _c20 см |
||
| 380 | _aX | ||
| 500 | _aОриг. загл. Something happened / Joseph Heller. - 2 500 тир. | ||
| 852 | _aЦб 197223 | ||
| 856 | 4 |
_qpdf _u _i0.00 _ldisable |
|
| 856 | 4 |
_qpdf _u _i0.00 _ldisable |
|
| 942 |
_cKNG _n0 _s1 _05 |
||
| 944 |
_aCR _c15.01.2003 _k30575 _lМартин Енчев |
||
| 944 |
_aED _c15.06.2015 _kВиолета_Тройчева |
||
| 999 | _d21365 | ||